Pra cima e pra baixo todo santo ajuda (Record no. 48469)

MARC details
000 -LÍDER
campo de controle de tamanho fixo 00388 a2200157 4500
001 - NÚMERO DE CONTROLE
campo de controle 48469
020 ## - ISBN - INTERNATIONAL STANDARD BOOK NUMBER
ISBN - International Standard Book Number 9788516091750
040 ## - FONTE DA CATALOGAÇÃO
Instituição que transcreveu o registro Anchieta - Bela Vista
100 ## - ENTRADA PRINCIPAL--NOME PESSOAL
Nome pessoal Azevedo, Bel Assunção
240 10 - TÍTULO UNIFORME
Título uniforme Pra cima e pra baixo todo santo ajuda
Idioma da obra por
245 10 - TÍTULO
Título Pra cima e pra baixo todo santo ajuda
300 ## - DESCRIÇÃO FÍSICA
Extensão 96
362 0# - DATAS DE PUBLICAÇÃO E/OU DESIGNAÇÃO SEQUENCIAL
Datas de publicação e/ou designação sequencial 2014
650 #4 - ASSUNTO--TERMO TÓPICO
Cabeçalho tópico ou nome geográfico Literatura juvenil
942 ## - ELEMENTOS DE ENTRADA ADICIONADOS (KOHA)
Tipo de material Koha Livros
Holdings
Situação do descarte Situação das perdas Situação física Não pode ser emprestado Biblioteca de origem Biblioteca atual Data de aquisição Total de empréstimos Número de chamada completo Código de barras Data de último acesso Data do preço efetivo Tipo de material Koha
        Colégio Anchieta - Bela Vista Colégio Anchieta - Bela Vista 21/11/2023   LJ 028.5 A994p AZE PRA 493/BEL 21/11/2023 21/11/2023 Livros